Finite mathematics and calculus : (Record no. 180123)

000 -LEADER
fixed length control field 00915 a2200205 4500
003 - CONTROL NUMBER IDENTIFIER
control field NUST
005 - DATE AND TIME OF LATEST TRANSACTION
control field 20221102133404.0
010 ## - LIBRARY OF CONGRESS CONTROL NUMBER
LC control number 74151681
020 ## - INTERNATIONAL STANDARD BOOK NUMBER
International Standard Book Number 0721670407
040 ## - CATALOGING SOURCE
Transcribing agency Nust
082 00 - DEWEY DECIMAL CLASSIFICATION NUMBER
Classification number 510,OWE
100 1# - MAIN ENTRY--PERSONAL NAME
Personal name Owen, Guillermo.
9 (RLIN) 102260
245 10 - TITLE STATEMENT
Title Finite mathematics and calculus :
Remainder of title mathematics for the social and management sciences /
Statement of responsibility, etc. Guillermo Owen, M. Evans Munroe.
260 ## - PUBLICATION, DISTRIBUTION, ETC.
Place of publication, distribution, etc. Philadelphia,
Name of publisher, distributor, etc. Saunders,
Date of publication, distribution, etc. 1971.
300 ## - PHYSICAL DESCRIPTION
Extent x, 598 p.:
Other physical details illus.
Dimensions 26 cm.
505 ## - FORMATTED CONTENTS NOTE
Formatted contents note Sets Functions and Logic (Page-1), Analytic Geometry (Page-53), Non Linear Curves (Page-113), The Theory of Probability (Page-169), Differential Calculus (Page-220), Integral Calculus (Page-301), Vector and Matrices (Page-354), Linear Programming (Page-413), Advance Probability (Page-489), Appendix (Page-535) .
650 #0 - SUBJECT ADDED ENTRY--TOPICAL TERM
Topical term or geographic name entry element Mathematics.
700 1# - ADDED ENTRY--PERSONAL NAME
Personal name Munroe, M. Evans
Dates associated with a name 1918-
9 (RLIN) 102261
942 ## - ADDED ENTRY ELEMENTS (KOHA)
Source of classification or shelving scheme
Koha item type Book
Call number prefix 510,OWE
Holdings
Withdrawn status Lost status Source of classification or shelving scheme Damaged status Not for loan Permanent Location Current Location Shelving location Date acquired Full call number Barcode Date last seen Price effective from Koha item type Public note
          Military College of Signals (MCS) Military College of Signals (MCS) General Stacks 12/12/2016 510,OWE MCS22306 12/08/2016 12/12/2016 Book Almirah No.82, Shelf No.2
© 2023 Central Library, National University of Sciences and Technology. All Rights Reserved.